00857nam a22002171 450000500170000000800410001701000170005802000260007503500170010103700250011804000180014308200110016110000190017224501640019126000420035527001120039730000290050949000270053850000480056565000260061320050808122104.0721219s1962 nyu 000 0 eng  aB-340664-674 a9788170005520c725.00 aB-340664-674 bEss Ess Publications adplbEnglish  a519.5  aVaughan, Liwen aStatistical methods for the information professional :cby Liwen Vaughan /ba practical painless approach to understanding, using and interpreting statistics / aNew DelhibEss Ess Publicationsc2009 a4837/24, Ansari Road, Daryaganj,bNew Delhie110 002k23260807,41563444l41563334minfo@essessreference.com axxi,209 p.c23 cm. (Hb)  aASIST monograph series aincludes bibliographical references & index aCommercial statistics